Finish the Best Picture Title Quiz Stats

Quiz Updated Oct 31, 2015

Challenge
Share
Tweet
Embed
Score 0/30 Timer 04:00
4 Plays Today
Start of Title End of Title % Correct
No Country…for old Men
92.2%
Million…Dollar Baby
90.5%
Dances…with Wolves
89.7%
The Silence…of the Lambs
88.7%
Shakespeare…in Love
86.6%
Chariots…of Fire
84.5%
One Flew…Over the Cuckoo's Nest
84.4%
Lawrence…of Arabia
81.9%
Terms…of Endearment
81.4%
All Quiet…on the Western Front
81.3%
Driving…Miss Daisy
81%
The Sound…of Music
77.6%
Gone...with the Wind
74%
In the Heat…of the Night
72.8%
West…Side Story
68%
Start of Title End of Title % Correct
From Here…to Eternity
63.7%
Mutiny…on the Bounty
59.1%
Around the…World in 80 Days
57.6%
It Happened…One Night
52.6%
An American…in Paris
46.3%
All the…King's Men
43.8%
The Bridge…on the River Kwai
37.6%
How Green…Was My Valley
31.8%
The Lord…of the Rings: The Return of the King
31.5%
A Man…for All Seasons
31.2%
You Can't…Take It With You
27.4%
12...Years a Slave
22.2%
The Greatest…Show on Earth
21.6%
The Best…Years of Our Lives
20.3%
The Life of...Emile Zola
8.7%

You're not logged in!

Compare scores with friends on all Sporcle quizzes.
Join for Free
OR
Log In

You Might Also Like...

Show Comments

Extras

Top Quizzes Today


Score Distribution

Your Account Isn't Verified!

In order to create a playlist on Sporcle, you need to verify the email address you used during registration. Go to your Sporcle Settings to finish the process.

Report this User

Report this user for behavior that violates our Community Guidelines.

Details: